• 首页
  • 本馆介绍
  • 公告通知
  • 最新文献
  • 馆藏检索
  • 电子资源
  • 读者导购
  • 参考咨询
  • 我的图书馆
  • 登录
  • 详细信息显示
  • 放入我的书架
  • 预约/预借图书
  • 作者相关作品
  • 分类相关作品
  • 丛书相关作品
  • 出版社相关作品

书目信息

  • 表格格式
  • 工作单格式
  • 卡片格式
题名:
黑白花意
    
 
作者: ;汤欣林 , 杨越 编著 ;爱林文化 主编
分册: 5   笔尖下的花姿百态
出版信息: 北京   人民邮电出版社  2015.11
页数: 296页
开本: 21cm
丛书名:
单 册:
中图分类: J211.27
科图分类:
主题词: 花卉画--绘画技法
电子资源:
ISBN: 978-7-115-40642-2
000 01033nam0 2200277 450
001 0120151693507
005 20170418141725.76
010    @a978-7-115-40642-2@dCNY29.80
100    @a20151120d2015 em y0chiy50 ea
101 0  @achi
102    @aCN@b110000
105    @aa z 000yy
106    @ar
200 1  @a黑白花意@9hei bai hua yi@h5@dBlack and white flowers@h5@i笔尖下的花姿百态@f爱林文化主编@g汤欣林,杨越编著@zeng
210    @a北京@c人民邮电出版社@d2015.11
215    @a296页@c图@d21cm
330    @a本书选择了百合、杜鹃、荷花、君子兰、康乃馨、兰花、马蹄莲、玫瑰、梅花、茉莉和牡丹等11种常见的花卉,每种花卉选择了8种不同形态进行描画,然后将丰富的花卉案例从构图到绘制完成逐步进行详细讲解。
333    @a绘画艺术爱好者
510 1  @aBlack and white flowers@h5@zeng
606 0  @a花卉画@x绘画技法
690    @aJ211.27@v5
702  0 @a汤欣林@9tang xin lin@4编著
702  0 @a杨越@9yang yue@4编著
711 02 @a爱林文化@9ai lin wen hua@4主编
801  0 @aCN@b人天书店@c20151120
905    @b984173-76@dJ211.27@e762:5@f4
    
    黑白花意.5=Black and white flowers.5.笔尖下的花姿百态/爱林文化主编/汤欣林,杨越编著.-北京:人民邮电出版社,2015.11
    296页:图;21cm
    使用对象:绘画艺术爱好者
    
    ISBN 978-7-115-40642-2:CNY29.80
    本书选择了百合、杜鹃、荷花、君子兰、康乃馨、兰花、马蹄莲、玫瑰、梅花、茉莉和牡丹等11种常见的花卉,每种花卉选择了8种不同形态进行描画,然后将丰富的花卉案例从构图到绘制完成逐步进行详细讲解。
●
相关链接 在E读中查询图书 在五车中查询图书 在当当中查询图书 在豆瓣中查询图书


正题名:黑白花意     索取号:J211.27/762:5         预约/预借

序号 登录号 条形码 馆藏地/架位号 状态 备注
1 984173   209841732   第一样本阅览室/ [索取号:J211.27/762:5] 在馆    
2 984174   209841741   密集书库-美术系/ [索取号:J211.27/762:5] 在馆    
3 984175   209841750   第一借阅区/ [索取号:J211.27/762:5] 在馆    
4 984176   209841769   第一借阅区/ [索取号:J211.27/762:5] 在馆    
唐山师范学院图书馆 欢迎您!
大连网信软件有限公司© 版权所有